Smallest island countries by area - Statistics

General Stats
  • This quiz has been taken 821 times
  • The average score is 9 of 10
Answer Stats
Hint Answer % Correct
Oceania Nauru
96%
Oceania Tuvalu
94%
Europe Malta
93%
North America St Kitts and Nevis
89%
North America St Vincent and the Grenadines
88%
Africa Seychelles
87%
North America Barbados
84%
North America Grenada
83%
Asia Maldives
82%
Oceania Marshall islands
78%
No matching quizzes found
Score Distribution
Percent of People with Each Score
Percentile by Number Answered
Your Score History
You have not taken this quiz